Microbiology : (Record no. 144350)

MARC details
000 -LEADER
fixed length control field 00949nam a22002537a 4500
005 - DATE AND TIME OF LATEST TRANSACTION
control field 20180207102105.0
010 ## - LCCN (DPL NO)
LC control number 1718EN-30 ENG-121975
020 ## - INTERNATIONAL STANDARD BOOK NUMBER
International Standard Book Number 9789332575417
Terms of availability 1099.00
035 ## - SYSTEM CONTROL NUMBER
System control number EN-105507
035 ## - SYSTEM CONTROL NUMBER
System control number B-684137-143
037 ## - SOURCE OF ACQUISITION
Source of stock number/acquisition BSB
Stock number dpl
037 ## - SOURCE OF ACQUISITION
Source of stock number/acquisition DBAD/PUB
082 ## - DEWEY DECIMAL CLASSIFICATION NUMBER
Classification number 579
100 ## - MAIN ENTRY--PERSONAL NAME
Personal name Tortora, Gerard J.
245 ## - TITLE STATEMENT
Title Microbiology :
Statement of responsibility, etc by Gerard J. Tortora, Berdell R. Funke [and] Christine L. Case
Remainder of title an introduction /
250 ## - EDITION STATEMENT
Edition statement 11th ed
260 ## - PUBLICATION, DISTRIBUTION, ETC. (IMPRINT)
Date of publication, distribution, etc 2016
Place of publication, distribution, etc Noida
Name of publisher, distributor, etc Pearson India
270 ## - ADDRESS
Address 15th Floor,, Tower-B, World Trade, Plot No.1, Block-C, Sector-16,
City Noida
Postal code 201301
300 ## - PHYSICAL DESCRIPTION
Dimensions 25cm(pbk)
Extent 974p. :
Other physical details ill.(col.pic)
700 ## - ADDED ENTRY--PERSONAL NAME
Personal name Funke, Berdell R.
700 ## - ADDED ENTRY--PERSONAL NAME
Personal name Case, Christine L.
942 ## - ADDED ENTRY ELEMENTS (KOHA)
Item type English Books
Source of classification or shelving scheme Dewey Decimal Classification
Call number suffix TOR
Classification part 579
Holdings
Withdrawn status Lost status Not for loan Collection code Home library Current library Date acquired Source of acquisition Cost, normal purchase price Full call number Barcode Copy number Cost, replacement price Koha item type
      Non-fiction Ashok Vihar Ashok Vihar 03/01/2018 DBAD/PUB 1099.00 579 TOR EN-105507 1 1099.00 English Books
      Non-fiction Ashok Vihar Ashok Vihar 07/02/2018 BSB/299/1.12.2017/BPPB/EN/2017-18/641/20.11.17/14.12.2017 1099.00 579 TOR B-684138 1 1099.00 English Books
      Non-fiction Bawana Bawana 07/02/2018 BSB/299/1.12.2017/BPPB/EN/2017-18/641/20.11.17/14.12.2017 1099.00 579 TOR B-684143 1 1099.00 English Books
      Non-fiction Central Library Central Library 07/02/2018 BSB/299/1.12.2017/BPPB/EN/2017-18/641/20.11.17/14.12.2017 1099.00 579 TOR B-684137 1 1099.00 English Books
      Non-fiction Janak Puri Janak Puri 07/02/2018 BSB/299/1.12.2017/BPPB/EN/2017-18/641/20.11.17/14.12.2017 1099.00 579 TOR B-684140 1 1099.00 English Books
      Non-fiction Narela Narela 07/02/2018 BSB/299/1.12.2017/BPPB/EN/2017-18/641/20.11.17/14.12.2017 1099.00 579 TOR B-684142 1 1099.00 English Books
      Non-fiction Patel Nagar Patel Nagar 07/02/2018 BSB/299/1.12.2017/BPPB/EN/2017-18/641/20.11.17/14.12.2017 1099.00 579 TOR B-684139 1 1099.00 English Books
      Non-fiction R.C.Libraries (zls) R.C.Libraries (zls) 07/02/2018 BSB/299/1.12.2017/BPPB/EN/2017-18/641/20.11.17/14.12.2017 1099.00 579 TOR B-684141 1 1099.00 English Books

© Delhi Public Library
Hit Counter
free hit counter